[Event "POL-chT U19 2nd League"]
[Site "Iwonicz"]
[Date "2015.08.01"]
[Round "1.46"]
[White "Skowron, Mateusz"]
[Black "Oleksy, Krzysztof1"]
[Result "1/2-1/2"]
[WhiteElo "1455"]
[BlackElo "1352"]
[PlyCount "93"]
[EventDate "2015.07.25"]
[EventType "team-swiss"]
[EventRounds "11"]
[EventCountry "POL"]
[SourceTitle "EXT 2019"]
[Source "ChessBase"]
[SourceDate "2018.10.10"]
[SourceVersion "1"]
[SourceVersionDate "2018.10.10"]
[SourceQuality "1"]
[WhiteTeam "Gliwice Carbo U19"]
[BlackTeam "Rybnik MKSz U19 II"]
[WhiteTeamCountry "POL"]
[BlackTeamCountry "POL"]

1. f4 d5 2. Nf3 Bg4 3. e3 Nd7 4. b3 Ngf6 5. Bb2 e6 6. Be2 Bd6 7. Ne5 Bxe2 8. Qxe2 c6 9. 0-0 Qc7 10. Nxd7 Qxd7 11. d3 Qc7 12. e4 dxe4 13. dxe4 e5 14. Kh1 0-0-0 15. f5 Bc5 16. Nd2 Bd4 17. c3 Bc5 18. b4 Bb6 19. a4 a6 20. Nb3 Rd7 21. b5 a5 22. c4 c5 23. Rad1 Rhd8 24. Rxd7 Rxd7 25. h3 Ba7 26. Rf3 b6 27. g4 Qd6 28. Re3 h6 29. Kg2 Bb8 30. Nc1 Qd2 31. Kf2 Qxe2+ 32. Kxe2 Ne8 33. Nd3 f6 34. Bc3 Rf7 35. Nb2 Rf8 36. Kf3 Rh8 37. Kg3 Rg8 38. Kh4 Kd7 39. Kh5 Ke7 40. Rd3 Nd6 41. Re3 Ne8 42. Rd3 Nd6 43. Re3 Ne8 44. Re2 Nd6 45. Re3 Ne8 46. Kg6 Nd6 47. Kh5 1/2-1/2

[Event "POL-ch U12"]
[Site "Suwalki"]
[Date "2015.04.11"]
[Round "6.12"]
[White "Skowron, Mateusz"]
[Black "Koziorowicz, Michal"]
[Result "0-1"]
[WhiteElo "1691"]
[BlackElo "1440"]
[PlyCount "62"]
[EventDate "2015.04.08"]
[EventType "swiss"]
[EventRounds "9"]
[EventCountry "POL"]
[SourceTitle "EXT 2023"]
[Source "ChessBase"]
[SourceDate "2022.10.05"]
[SourceVersion "1"]
[SourceVersionDate "2022.10.05"]
[SourceQuality "1"]

1. e4 c5 2. Nc3 e6 3. f4 a6 4. Nf3 Nc6 5. g3 d5 6. d3 Nf6 7. Bg2 Be7 8. 0-0 0-0 9. Kh1 Qc7 10. h3 Rd8 11. e5 Nd7 12. a3 b5 13. g4 Bb7 14. g5 Nf8 15. h4 g6 16. Nh2 Nd4 17. Ng4 Nf5 18. Qe1 c4 19. Nf6+ Bxf6 20. gxf6 cxd3 21. cxd3 Rac8 22. h5 Nd7 23. hxg6 fxg6 24. Kh2 Nc5 25. Qd1 Kf7 26. Rf3 Rh8 27. d4 Nxd4 28. Qxd4 Nb3 29. Qf2 Nxa1 30. Qh4 d4 31. Qh6 Rcg8 0-1

[Event "POL-chT U19 2nd League"]
[Site "Szczyrk"]
[Date "2014.08.02"]
[Round "11.88"]
[White "Skowron, Mateusz"]
[Black "Posluszny, Tomasz"]
[Result "1-0"]
[WhiteElo "1395"]
[BlackElo "1490"]
[PlyCount "149"]
[EventDate "2014.07.25"]
[EventType "team-swiss"]
[EventRounds "11"]
[EventCountry "POL"]
[SourceTitle "EXT 2015"]
[Source "ChessBase"]
[SourceDate "2014.11.20"]
[SourceVersion "1"]
[SourceVersionDate "2014.11.20"]
[SourceQuality "1"]
[WhiteTeam "Gliwice Carbo U19"]
[BlackTeam "Rybnik MKSz U19 II"]
[WhiteTeamCountry "POL"]
[BlackTeamCountry "POL"]

1. f4 d5 2. Nf3 g6 3. e3 Bg7 4. Be2 c5 5. Bb5+ Bd7 6. Bxd7+ Qxd7 7. d3 Nc6 8. 0-0 Nf6 9. Ne5 Qc7 10. d4 cxd4 11. exd4 0-0 12. Be3 Rad8 13. c3 Ne4 14. Nd2 Nxd2 15. Qxd2 f6 16. Nd3 e6 17. Nc5 Qe7 18. Rae1 b6 19. Nd3 Qf7 20. Bf2 Rfe8 21. Bh4 Rd6 22. Bg3 Rdd8 23. Bh4 Rc8 24. Nf2 Ne7 25. Ng4 Kh8 26. Ne3 Rc6 27. Qe2 Rf8 28. Qb5 Rc7 29. Bg3 f5 30. Bh4 Nc8 31. Qe2 Bf6 32. Bxf6+ Qxf6 33. Nc2 Re8 34. Nb4 Ree7 35. Rf3 Nd6 36. Na6 Rb7 37. Nb4 Ne4 38. Nc6 Rec7 39. Ne5 b5 40. a3 Qe7 41. Rh3 Kg7 42. Ra1 a5 43. Nd3 Ra7 44. Qe1 Rcb7 45. Ne5 Rb6 46. Nd3 Kg8 47. Kf1 Rbb7 48. Ne5 Qe8 49. Kg1 Qc8 50. Qh4 Rg7 51. Re1 Kf8 52. Qh6 Qc7 53. Qh4 Qd6 54. Qh6 Rac7 55. Qh4 Rce7 56. Qh6 Kg8 57. Qh4 Re8 58. Qh6 b4 59. axb4 axb4 60. cxb4 Qxb4 61. Rd1 Qxb2 62. Qh4 Qe2 63. Re1 Qd2 64. Nf3 Qc3 65. Kf1 Rb7 66. Ng5 Nxg5 67. Rxc3 Ne4 68. Rh3 Reb8 69. Rc1 Nd2+ 70. Ke1 Ne4 71. g4 Kg7 72. Qxh7+ Kf8 73. Qh8+ Ke7 74. Rh7+ Kd6 75. Qe5# 1-0